Statistics for Countries Visited By Charles Darwin

Click here to take the quiz!

General Stats

  • This quiz has been taken 27 times
    (26 since last reset)
  • The average score is 12 of 15

Answer Stats

YearAnswer% Correct
1832Argentina
95%
1832Brazil
95%
1832Chile
95%
1835Ecuador(Galapagos Islands)
90%
1831United Kingdom
86%
1836Australia
81%
1835Peru
81%
1832Uruguay
81%
1835France(French Polynesia)
76%
1835New Zealand
76%
1832Portugal(Madeira)
76%
1832Spain(Canary Islands)
76%
1836Mauritius
57%
1836South Africa
57%
1832Cape Verde
48%

Score Distribution

Percentile by Number Answered

Percent of People with Each Score

Your Score History

You have not taken this quiz since the last reset